<?xml version="1.0" encoding="UTF-8"?>
<record
    xmlns:xsi="http://www.w3.org/2001/XMLSchema-instance"
    xsi:schemaLocation="http://www.loc.gov/MARC21/slim http://www.loc.gov/standards/marcxml/schema/MARC21slim.xsd"
    xmlns="http://www.loc.gov/MARC21/slim">

  <leader>01720nam a22002297a 4500</leader>
  <datafield tag="999" ind1=" " ind2=" ">
    <subfield code="c">6288</subfield>
    <subfield code="d">6288</subfield>
  </datafield>
  <controlfield tag="003">DO-SdBJH</controlfield>
  <controlfield tag="005">20210629123027.0</controlfield>
  <controlfield tag="008">210629b           ||||| |||| 00| 0 spa d</controlfield>
  <datafield tag="040" ind1=" " ind2=" ">
    <subfield code="a">DO-SdBJH</subfield>
    <subfield code="b">spa</subfield>
    <subfield code="c">DO-SdBJH</subfield>
  </datafield>
  <datafield tag="090" ind1=" " ind2=" ">
    <subfield code="a">TG EGDDHHyDIH</subfield>
    <subfield code="b">01570 2019</subfield>
  </datafield>
  <datafield tag="100" ind1="1" ind2=" ">
    <subfield code="a">Mercedes Morel, Lucifabery</subfield>
    <subfield code="e">sustentante</subfield>
  </datafield>
  <datafield tag="245" ind1="1" ind2="0">
    <subfield code="a">Aplicaci&#xF3;n de las normativas sobre las se&#xF1;alizaciones para protecci&#xF3;n de los bienes y monumentos culturales en Rep&#xFA;blica Dominicana, 2017-2018 / </subfield>
    <subfield code="c">Lucifabery Mercedes Morel, asesores, Henrry Alexi Vargas Santos, Juan Carlos Estrella Balbuena</subfield>
  </datafield>
  <datafield tag="260" ind1=" " ind2=" ">
    <subfield code="a">Santo Domingo :</subfield>
    <subfield code="b">INSUDE, </subfield>
    <subfield code="c">2019</subfield>
  </datafield>
  <datafield tag="300" ind1=" " ind2=" ">
    <subfield code="a">ix, 113 p&#xE1;ginas</subfield>
  </datafield>
  <datafield tag="502" ind1=" " ind2=" ">
    <subfield code="a">Tesis (Especialidad en Derechos Humanos y Derecho Internacional Humanitario) -- Instituto Superior para la Defensa (INSUDE).  -- Escuela de Graduados en Derechos Humanos y Derecho Internacional Humanitario, 2019</subfield>
  </datafield>
  <datafield tag="504" ind1=" " ind2=" ">
    <subfield code="a">Incluye referencias bibliogr&#xE1;ficas e &#xED;ndices</subfield>
  </datafield>
  <datafield tag="505" ind1=" " ind2=" ">
    <subfield code="a">Marco jur&#xED;dico internacional vinculante con la normativa nacional para la protecci&#xF3;n de los bienes y monumentos culturales en Rep&#xFA;blica Dominicana, 2017-2018. -- Bienes y monumentos culturales protegidos por la legislaci&#xF3;n nacional. -- Diagnostico del estado actual de las se&#xF1;alizaciones para la protecci&#xF3;n  en Rep&#xFA;blica Dominicana, 2017-2018. -- Aspectos a tomar en cuenta para una pol&#xED;tica de se&#xF1;alizaci&#xF3;n y protecci&#xF3;n efectiva de los bienes y monumentos culturales en Rep&#xFA;blica Dominicana</subfield>
  </datafield>
  <datafield tag="700" ind1="1" ind2=" ">
    <subfield code="a">Vargas Santos, Henrry Alexi </subfield>
    <subfield code="e">asesor</subfield>
  </datafield>
  <datafield tag="700" ind1="1" ind2=" ">
    <subfield code="a">Estrella Balbuena, Juan Carlos </subfield>
    <subfield code="e">asesor</subfield>
  </datafield>
  <datafield tag="830" ind1=" " ind2=" ">
    <subfield code="a">INSUDE.  Escuela de Graduados en Derechos Humanos y Derecho Internacional Humanitario.  Tesis y disertaciones acad&#xE9;micas</subfield>
  </datafield>
  <datafield tag="942" ind1=" " ind2=" ">
    <subfield code="2">CL</subfield>
    <subfield code="c">T</subfield>
  </datafield>
  <datafield tag="952" ind1=" " ind2=" ">
    <subfield code="0">0</subfield>
    <subfield code="1">0</subfield>
    <subfield code="2">CL</subfield>
    <subfield code="4">0</subfield>
    <subfield code="7">1</subfield>
    <subfield code="8">TG</subfield>
    <subfield code="a">BJHA</subfield>
    <subfield code="b">BJHA</subfield>
    <subfield code="d">2021-06-29</subfield>
    <subfield code="i">01570</subfield>
    <subfield code="l">0</subfield>
    <subfield code="o">TG EGDDHHyDIH 01570 2019</subfield>
    <subfield code="p">01570</subfield>
    <subfield code="r">2021-06-29 00:00:00</subfield>
    <subfield code="t">e.1</subfield>
    <subfield code="w">2021-06-29</subfield>
    <subfield code="y">T</subfield>
  </datafield>
</record>
